People of the 20th Century #2- Picture Quiz - Statistics

General Stats
  • This quiz has been taken 113 times
  • The average score is 9 of 20
Answer Stats
Picture Answer % Correct
Mahatma Gandhi
92%
Michael Jackson
86%
Salvador Dali
78%
Rosa Parks
73%
Malcolm X
72%
Boris Yeltsin
69%
Pope John Paul II
69%
Amelia Earhart
63%
Desmond Tutu
59%
George Orwell
58%
Diego Maradona
38%
Virginia Woolf
38%
Eleanor Roosevelt
36%
T.E Lawrence
14%
John D. Rockefeller
13%
Alexander Fleming
9%
Diana, Princess of Wales
8%
Nancy Wake
6%
Eddie Merckx
2%
Georges Clemenceau
2%
No matching quizzes found
Score Distribution
Percent of People with Each Score
Percentile by Number Answered
Your Score History
You have not taken this quiz